000 00183 a2200097 4500
001 8441
090 _c6810
_d6810
100 _aFrost,W
245 _aThe age of chaucer
260 _bPrintic Hall
942 _aNUST-CAE
999 _c243514
_d243514